| 000 | 00493nam a22001697a 4500 | ||
|---|---|---|---|
| 003 | BD-DhUL | ||
| 005 | 20180423123230.0 | ||
| 008 | 180423s1963 pk ||||| |||| 00| 0 urd d | ||
| 040 |
_aBD-DhUL _cBD-DhUL |
||
| 082 |
_a610 _bSHM |
||
| 100 | 0 | _aشریف جامعی | |
| 245 | 1 |
_aماہیت الام اض : _cشریف جامعی _bجلد ۱ / |
|
| 260 |
_aلاهور : _bمجلس ترقی ادب، _c۱۹۶۳۔ |
||
| 300 |
_aجلد ۱ ؛ _c۲۴ سم۔ |
||
| 650 | 0 | _aMedicine | |
| 942 |
_2ddc _cBK |
||
| 999 |
_c240720 _d240720 |
||